000 00231nam a2200097Ia 4500
008 190216s9999||||xx |||||||||||||| ||und||
100 _aNull
245 0 _aHindi-Hindi Gadya Suda
260 _b"Kitab Bhavan, New Delhi-2"
942 _cBK
999 _c17505
_d17505